[Event "Titled Tuesday intern op 25th Jul Early"]
[Site "Chess.com INT"]
[Date "2023.07.25"]
[Round "2"]
[White "Gubajdullin, Alexey"]
[Black "Solys, Laimutis"]
[Result "1-0"]
[WhiteElo "2266"]
[BlackElo "2269"]
[PlyCount "69"]
[EventDate "2023.07.25"]
[EventType "swiss (blitz)"]
[EventRounds "11"]
[EventCountry "USA"]
[SourceTitle "EXT 2024"]
[Source "ChessBase"]
[SourceDate "2023.10.10"]
[SourceVersion "1"]
[SourceVersionDate "2023.10.10"]
[SourceQuality "1"]

1. d4 d6 2. Nf3 Nf6 3. Bf4 g6 4. e3 Bg7 5. Be2 0-0 6. 0-0 Nbd7 7. h3 b6 8. a4 a6 9. a5 b5 10. c4 bxc4 11. Bxc4 Bb7 12. Nc3 e6 13. b4 Qe7 14. b5 axb5 15. Nxb5 Rfc8 16. Qe2 e5 17. dxe5 dxe5 18. Bh2 Ne4 19. Rfc1 Ndc5 20. Nc3 Nxc3 21. Rxc3 Ne4 22. Rcc1 Ng5 23. Nxg5 Qxg5 24. e4 Rd8 25. a6 Bc8 26. Bd5 Ra7 27. h4 Qxh4 28. Qe3 Rxa6 29. Rxa6 Bxa6 30. Rxc7 Kh8 31. Qa7 Qh5 32. Qxa6 Rb8 33. Rc8+ Rxc8 34. Qxc8+ Bf8 35. Qxf8# 1-0

[Event "Titled Tuesday intern op 25th Jul Early"]
[Site "Chess.com INT"]
[Date "2023.07.25"]
[Round "1"]
[White "Solys, Laimutis"]
[Black "Vovk, Orest"]
[Result "1-0"]
[WhiteElo "2269"]
[BlackElo "2315"]
[PlyCount "67"]
[EventDate "2023.07.25"]
[EventType "swiss (blitz)"]
[EventRounds "11"]
[EventCountry "USA"]
[SourceTitle "EXT 2024"]
[Source "ChessBase"]
[SourceDate "2023.10.10"]
[SourceVersion "1"]
[SourceVersionDate "2023.10.10"]
[SourceQuality "1"]

1. e4 g5 2. d4 g4 3. Nc3 Bg7 4. Be3 d6 5. Qd2 c6 6. h3 h5 7. hxg4 hxg4 8. Rxh8 Bxh8 9. 0-0-0 Qa5 10. Kb1 b5 11. a3 Be6 12. Nge2 b4 13. axb4 Qxb4 14. d5 Bd7 15. Bd4 Bxd4 16. Nxd4 Nf6 17. Qh6 Kd8 18. Qf8+ Be8 19. dxc6 a6 20. c7+ Kxc7 21. Qxe7+ Nbd7 22. Nf5 Rb8 23. Qxd6+ Qxd6 24. Nxd6 Nc5 25. f3 Bc6 26. Nxf7 gxf3 27. gxf3 Rf8 28. Ne5 Bb7 29. Be2 Nh5 30. Nd5+ Bxd5 31. Rxd5 Ne6 32. Rd7+ Kb8 33. Bxa6 Nd8 34. Rh7 1-0

[Event "Titled Tuesday intern op 18th Jul Early"]
[Site "Chess.com INT"]
[Date "2023.07.18"]
[Round "5"]
[White "Baches Garcia, Guillermo"]
[Black "Solys, Laimutis"]
[Result "0-1"]
[WhiteElo "2327"]
[BlackElo "2269"]
[PlyCount "56"]
[EventDate "2023.07.18"]
[EventType "swiss (blitz)"]
[EventRounds "11"]
[EventCountry "USA"]
[SourceTitle "EXT 2024"]
[Source "ChessBase"]
[SourceDate "2023.10.10"]
[SourceVersion "1"]
[SourceVersionDate "2023.10.10"]
[SourceQuality "1"]

1. e4 d6 2. d4 Nf6 3. f3 e5 4. Ne2 Nc6 5. Be3 Be7 6. c4 0-0 7. Nbc3 exd4 8. Nxd4 Nxd4 9. Qxd4 Be6 10. Be2 Nd7 11. 0-0 Bf6 12. Qd2 a5 13. f4 Nc5 14. Qc2 Re8 15. Rad1 b6 16. e5 Be7 17. f5 Bd7 18. f6 Bf8 19. Bxc5 bxc5 20. exd6 Bxd6 21. Bd3 g6 22. Ne4 Bc6 23. Rde1 Bf8 24. Rd1 Qd4+ 25. Kh1 Bxe4 26. h3 Bxd3 27. Rxd3 Qe4 28. Qd2 Bd6 0-1

[Event "Titled Tuesday intern op 18th Jul Early"]
[Site "Chess.com INT"]
[Date "2023.07.18"]
[Round "9"]
[White "Solys, Laimutis"]
[Black "Michalczak, Thomas"]
[Result "0-1"]
[WhiteElo "2269"]
[BlackElo "2231"]
[PlyCount "68"]
[EventDate "2023.07.18"]
[EventType "swiss (blitz)"]
[EventRounds "11"]
[EventCountry "USA"]
[SourceTitle "EXT 2024"]
[Source "ChessBase"]
[SourceDate "2023.10.10"]
[SourceVersion "1"]
[SourceVersionDate "2023.10.10"]
[SourceQuality "1"]

1. e4 e5 2. Nf3 Nc6 3. Bb5 a6 4. Ba4 Nf6 5. d3 b5 6. Bb3 Bc5 7. Bg5 h6 8. Bh4 g5 9. Bg3 d6 10. c3 Bb6 11. a4 Bg4 12. Nbd2 Rb8 13. 0-0 0-0 14. Re1 Kg7 15. Nf1 Re8 16. Ne3 Be6 17. Nd5 Bxd5 18. exd5 Ne7 19. axb5 axb5 20. d4 e4 21. Nd2 Nexd5 22. Nxe4 Rxe4 23. Rxe4 Nxc3 24. bxc3 Nxe4 25. Qf3 Nf6 26. h4 g4 27. Qe3 Qe8 28. Qf4 Qe2 29. Kh2 Qb2 30. Re1 Qxb3 31. h5 Qd5 32. Bh4 Nxh5 33. Qxg4+ Kh7 34. Bg3 Rg8 0-1

[Event "Titled Tuesday intern op 18th Jul Early"]
[Site "Chess.com INT"]
[Date "2023.07.18"]
[Round "8"]
[White "Todorovic, Bojan"]
[Black "Solys, Laimutis"]
[Result "1/2-1/2"]
[WhiteElo "2195"]
[BlackElo "2269"]
[PlyCount "97"]
[EventDate "2023.07.18"]
[EventType "swiss (blitz)"]
[EventRounds "11"]
[EventCountry "USA"]
[SourceTitle "EXT 2024"]
[Source "ChessBase"]
[SourceDate "2023.10.10"]
[SourceVersion "1"]
[SourceVersionDate "2023.10.10"]
[SourceQuality "1"]

1. d4 d6 2. c4 e5 3. Nf3 e4 4. Ng5 f5 5. Nc3 Nf6 6. g3 Be7 7. Bg2 0-0 8. 0-0 c6 9. d5 Na6 10. f3 exf3 11. exf3 Nc7 12. Re1 Nfxd5 13. Nxd5 cxd5 14. f4 Bxg5 15. fxg5 dxc4 16. Bf4 Ne6 17. Bd5 Re8 18. Bxc4 Kh8 19. Qxd6 Qxd6 20. Bxd6 Bd7 21. Bd5 Nxg5 22. Bxb7 Rxe1+ 23. Rxe1 Re8 24. Rxe8+ Bxe8 25. Bc5 a5 26. b4 axb4 27. Bxb4 Ne4 28. Kg2 g6 29. Kf3 Kg7 30. g4 Kf6 31. h4 Ke5 32. g5 Bb5 33. Ba5 Nc5 34. Bc7+ Ke6 35. Bc8+ Ke7 36. h5 Bc6+ 37. Ke2 gxh5 38. Bxf5 Ne6 39. Bxe6 Kxe6 40. Kf2 Kf5 41. Bd8 h4 42. Be7 Kg4 43. Kg1 Ba4 44. Kh2 Bc6 45. a3 Ba4 46. Bd8 Bc6 47. Be7 Ba4 48. Bd8 Bc6 49. Be7 1/2-1/2

[Event "Titled Tuesday intern op 04th Jul Early"]
[Site "Chess.com INT"]
[Date "2023.07.04"]
[Round "4"]
[White "Vargas, Mauricio"]
[Black "Solys, Laimutis"]
[Result "0-1"]
[WhiteElo "2035"]
[BlackElo "2269"]
[PlyCount "68"]
[EventDate "2023.07.04"]
[EventType "swiss (blitz)"]
[EventRounds "11"]
[EventCountry "USA"]
[SourceTitle "EXT 2024"]
[Source "ChessBase"]
[SourceDate "2023.10.10"]
[SourceVersion "1"]
[SourceVersionDate "2023.10.10"]
[SourceQuality "1"]

1. e4 c5 2. Nc3 a6 3. f4 b5 4. Nf3 Bb7 5. Nd5 e6 6. Ne3 Bxe4 7. d3 Bb7 8. g3 Nf6 9. Bg2 d6 10. 0-0 Be7 11. Re1 0-0 12. a3 Nbd7 13. Bd2 Qc7 14. Bc3 a5 15. b4 cxb4 16. axb4 Qxc3 17. bxa5 Rxa5 18. Rb1 b4 19. Rb3 Qc5 20. Kh1 Rfa8 21. Re2 Ra1 22. Rb1 Qc3 23. Re1 Rxb1 24. Qxb1 Nc5 25. Nc4 Ng4 26. h3 Nh6 27. Kh2 b3 28. Nb6 bxc2 29. Qc1 Ra2 30. d4 Nb3 31. Qe3 Qxe3 32. Rxe3 c1Q 33. Rxb3 Bxf3 34. Nd7 Rxg2# 0-1

[Event "EU-ch Rapid"]
[Site "Katowice"]
[Date "2022.12.18"]
[Round "7"]
[White "Solys, Laimutis"]
[Black "Blohberger, Felix"]
[Result "0-1"]
[WhiteElo "2289"]
[BlackElo "2490"]
[PlyCount "248"]
[EventDate "2022.12.17"]
[EventType "swiss (rapid)"]
[EventRounds "11"]
[EventCountry "POL"]
[SourceTitle "CBM 211 Extra"]
[Source "ChessBase"]
[SourceDate "2023.01.31"]
[SourceVersion "1"]
[SourceVersionDate "2023.01.31"]
[SourceQuality "1"]

1. e4 c5 2. Nf3 e6 3. d4 cxd4 4. Nxd4 Nf6 5. Nc3 Nc6 6. a3 Be7 7. Be3 0-0 8. Be2 a6 9. f4 d6 10. 0-0 Qc7 11. Kh1 Bd7 12. Qe1 Nxd4 13. Bxd4 Bc6 14. Qg3 g6 15. Bd3 Nh5 16. Qf2 Nxf4 17. Qxf4 e5 18. Qf2 exd4 19. Qxd4 Qa5 20. Bc4 Qe5 21. Qd3 Rae8 22. Rae1 Bd8 23. b4 Bf6 24. Nd5 Bg7 25. Re2 Kh8 26. Rfe1 Qd4 27. Qxd4 Bxd4 28. Rd1 Be5 29. Bb3 Kg7 30. a4 h5 31. c4 a5 32. b5 Bxd5 33. Rxd5 b6 34. Rd1 Re7 35. Bc2 Rc8 36. Bd3 Bd4 37. g3 Rce8 38. Rdd2 h4 39. Kg2 hxg3 40. hxg3 Rh8 41. Rd1 Bc5 42. Rh1 Rxh1 43. Kxh1 Kf6 44. Bc2 Ke5 45. Rd2 Bd4 46. Kg2 Rc7 47. Bd3 Bc3 48. Rd1 Rc8 49. Be2 Bd4 50. Bd3 Rh8 51. Rf1 Rh7 52. Rd1 Be3 53. Bc2 Bd4 54. Bd3 Ke6 55. Rf1 Bc5 56. Rd1 Rh5 57. Be2 Rg5 58. Kf3 Rh5 59. Kg2 Rh7 60. Rd5 Rh8 61. Bg4+ Kf6 62. Bf3 Re8 63. Kf1 Re5 64. Rd1 Ke7 65. Rd2 Rg5 66. Kg2 Be3 67. Rd3 Bf4 68. Be2 Bc1 69. Rd1 Bb2 70. Rd3 Re5 71. Kf3 Rc5 72. Rd1 Rh5 73. Kg2 Rh8 74. Rd5 Be5 75. Bg4 Rg8 76. Be2 Ke6 77. Rd3 Rh8 78. Bg4+ Ke7 79. Rd1 Rb8 80. Rd2 Rb7 81. Rd1 Rc7 82. Be2 Rc8 83. Rd2 Bc3 84. Rd1 Bb4 85. Rd5 Bc5 86. Rd1 Kf6 87. Rd5 Re8 88. Kf3 Re5 89. Rd1 Kg5 90. Bd3 Re6 91. Kg2 Rf6 92. Rd2 Kh6 93. Re2 Kg7 94. Bc2 Kf8 95. Rd2 Ke7 96. Bb1 Ke6 97. Bc2 Be3 98. Re2 Bd4 99. Rd2 Ke5 100. Bb1 Re6 101. Bc2 Re7 102. Rd1 Rc7 103. Bd3 Bb2 104. Be2 Kxe4 105. Rxd6 Bd4 106. Bf3+ Ke3 107. Bd5 Kd3 108. Rd8 Kc3 109. Rf8 f6 110. Re8 Kb4 111. Re4 Bc5 112. Re6 Bd4 113. Re4 Bc5 114. Re6 Kxa4 115. Rxf6 Rg7 116. g4 g5 117. Kf3 Kb3 118. Ke4 a4 119. Rf3+ Kb2 120. Rh3 a3 121. Rh2+ Kb3 122. Rh3+ Kb4 123. Rh2 Ra7 124. Kf5 a2 0-1

[Event "EU-ch Blitz"]
[Site "Katowice"]
[Date "2022.12.16"]
[Round "13"]
[White "Solys, Laimutis"]
[Black "Arkell, Keith C"]
[Result "1/2-1/2"]
[WhiteElo "2289"]
[BlackElo "2406"]
[PlyCount "117"]
[EventDate "2022.12.16"]
[EventType "swiss (blitz)"]
[EventRounds "22"]
[EventCountry "POL"]
[SourceTitle "CBM 211 Extra"]
[Source "ChessBase"]
[SourceDate "2023.01.31"]
[SourceVersion "1"]
[SourceVersionDate "2023.01.31"]
[SourceQuality "1"]

1. e4 c6 2. d4 d5 3. exd5 cxd5 4. Bd3 Nc6 5. c3 Nf6 6. h3 g6 7. Nf3 Bf5 8. Be2 Bg7 9. 0-0 Be4 10. Bf4 Bxf3 11. Bxf3 b5 12. Nd2 0-0 13. Re1 b4 14. Nb3 bxc3 15. bxc3 Rc8 16. Nc5 e6 17. Be2 Qa5 18. Qb3 Ne4 19. Nxe4 dxe4 20. Bb5 e5 21. Bxc6 Rxc6 22. Bxe5 Bxe5 23. dxe5 Qxe5 24. c4 Qd4 25. Rac1 Rfc8 26. Red1 Qe5 27. Rd7 Qe6 28. Rd4 f5 29. Qc3 Rc5 30. a4 f4 31. Qc2 e3 32. Rxf4 exf2+ 33. Qxf2 a5 34. Re1 Qd7 35. Rfe4 R8c7 36. Re8+ Kg7 37. Qb2+ Kh6 38. R8e4 R7c6 39. Rh4+ Rh5 40. Rxh5+ Kxh5 41. Qe2+ Kh6 42. Qe3+ Kg7 43. c5 Qd5 44. Qe5+ Qxe5 45. Rxe5 Kf6 46. Rd5 Ke6 47. Rd1 Rxc5 48. Rb1 Rc4 49. Rb7 h5 50. Rb6+ Kf7 51. Kf2 Rxa4 52. Kg3 h4+ 53. Kf3 Kg7 54. Ra6 g5 55. Kf2 Ra1 56. Kf3 a4 57. Kg4 Rg1 58. Kxg5 Rxg2+ 59. Kxh4 1/2-1/2

[Event "EU-ch Rapid"]
[Site "Katowice"]
[Date "2021.12.19"]
[Round "9"]
[White "Diermair, Andreas"]
[Black "Solys, Laimutis"]
[Result "0-1"]
[WhiteElo "2490"]
[BlackElo "2300"]
[PlyCount "136"]
[EventDate "2021.12.18"]
[EventType "swiss (rapid)"]
[EventRounds "11"]
[EventCountry "POL"]
[SourceTitle "CBM 205 Extra"]
[Source "ChessBase"]
[SourceDate "2022.01.31"]
[SourceVersion "1"]
[SourceVersionDate "2022.01.31"]
[SourceQuality "1"]

1. d4 d5 2. c4 e6 3. Nc3 dxc4 4. e4 c5 5. d5 Nf6 6. Bxc4 exd5 7. exd5 Bd6 8. Nf3 0-0 9. 0-0 a6 10. a4 Bg4 11. h3 Bh5 12. Bg5 Re8 13. g4 Bg6 14. Qb3 Nbd7 15. Rfe1 Qc7 16. Kg2 Ne4 17. Nxe4 Bxe4 18. Kg1 Bxf3 19. Qxf3 Ne5 20. Qe4 h6 21. Be3 Ng6 22. Qd3 Qd8 23. Bd2 Qf6 24. Re4 Rxe4 25. Qxe4 Qxb2 26. Rd1 Kf8 27. Bc1 Qc3 28. Qd3 Qe5 29. Qg3 Qf6 30. f4 Nxf4 31. Qf3 Re8 32. Bxf4 Bxf4 33. d6 Re3 34. Qf1 Rg3+ 35. Kh1 Qh4 36. Rd3 Rxd3 37. Qxd3 Qf2 38. Qe2 Qxe2 39. Bxe2 Bxd6 40. Kg2 Ke7 41. Kf3 Bh2 42. Ke4 Kd6 43. Bc4 Bg3 44. a5 Be1 45. Bd5 Bxa5 46. Bxb7 Be1 47. Bxa6 Ke6 48. Bc4+ Kf6 49. Bb3 Kg5 50. Kf3 f6 51. Bc4 g6 52. Bd3 f5 53. gxf5 gxf5 54. Bc4 Kf6 55. Ke3 Ke5 56. Ba6 Bh4 57. Kf3 Bg5 58. Bd3 Bc1 59. Ke2 f4 60. Kf3 Kd4 61. Bg6 c4 62. Ke2 Ba3 63. Bh7 Bd6 64. Bg6 Kc3 65. Bf5 Kb2 66. Kd1 c3 67. Be4 Bc5 68. Bd3 f3 0-1

[Event "EU-ch Rapid"]
[Site "Katowice"]
[Date "2021.12.19"]
[Round "7"]
[White "Papasimakopoulos, Alexandros"]
[Black "Solys, Laimutis"]
[Result "1-0"]
[WhiteElo "2259"]
[BlackElo "2300"]
[PlyCount "97"]
[EventDate "2021.12.18"]
[EventType "swiss (rapid)"]
[EventRounds "11"]
[EventCountry "POL"]
[SourceTitle "CBM 205 Extra"]
[Source "ChessBase"]
[SourceDate "2022.01.31"]
[SourceVersion "1"]
[SourceVersionDate "2022.01.31"]
[SourceQuality "1"]

1. d4 d5 2. c4 e6 3. Nc3 dxc4 4. e4 c5 5. d5 Nf6 6. Nf3 exd5 7. e5 Nfd7 8. Bg5 Be7 9. Bxe7 Qxe7 10. Nxd5 Qd8 11. Bxc4 0-0 12. 0-0 Nc6 13. Re1 Nb6 14. Nxb6 axb6 15. Qd6 Bg4 16. Bd5 Qxd6 17. exd6 Bxf3 18. Bxf3 Nd4 19. Bxb7 Rad8 20. Re7 Rxd6 21. h3 g6 22. a4 Kg7 23. Ba6 Kf6 24. Rae1 Ne6 25. Ra7 Rfd8 26. Bc4 Rd1 27. Kf1 Rxe1+ 28. Kxe1 Rd6 29. h4 h5 30. g3 Nd8 31. Ke2 Ne6 32. Ke3 Nd8 33. b3 Ne6 34. Rb7 Nd8 35. Rc7 Ne6 36. Rc8 Nd8 37. a5 bxa5 38. Rxc5 Nc6 39. Ke4 Rd4+ 40. Ke3 Rd6 41. Rb5 Nd4 42. Rxa5 Nf5+ 43. Kf3 Rb6 44. Ke4 Nd6+ 45. Kd5 Nf5 46. Ra6 Rxa6 47. Bxa6 Ke7 48. b4 f6 49. Bd3 1-0

[Event "LTU-chT Rapid"]
[Site "Panevezys"]
[Date "2019.11.23"]
[Round "1.10"]
[White "Mickus, Benas"]
[Black "Solys, Laimutis"]
[Result "0-1"]
[WhiteElo "1904"]
[BlackElo "2153"]
[PlyCount "112"]
[EventDate "2019.11.23"]
[EventType "team-swiss (rapid)"]
[EventRounds "8"]
[EventCountry "LTU"]
[SourceTitle "EXT 2023"]
[Source "ChessBase"]
[SourceDate "2022.10.05"]
[SourceVersion "1"]
[SourceVersionDate "2022.10.05"]
[SourceQuality "1"]

1. d4 d5 2. c4 e6 3. Nc3 c5 4. cxd5 exd5 5. dxc5 d4 6. Ne4 Nc6 7. e3 Bf5 8. Bd3 Bxc5 9. Nxc5 Qa5+ 10. Bd2 Qxc5 11. Rc1 Qd5 12. Bxf5 Qxf5 13. Ne2 dxe3 14. Bxe3 Nge7 15. 0-0 0-0 16. Qb3 Qd5 17. Rfd1 Qxb3 18. axb3 Nf5 19. Bc5 Rfe8 20. Nf4 Rad8 21. g4 Nfd4 22. Bxd4 Nxd4 23. Kg2 a5 24. Rc4 Nxb3 25. Rxd8 Rxd8 26. Rc7 b5 27. Rb7 b4 28. h3 h6 29. Rb5 g6 30. Nd5 Kg7 31. Kg3 Rc8 32. Ne3 Rc5 33. Rb7 Nd2 34. h4 Nc4 35. Nxc4 Rxc4 36. Rb5 Rc2 37. Rxa5 Rxb2 38. Rb5 Kf6 39. f3 b3 40. Kf4 Rb1 41. Rb6+ Ke7 42. h5 b2 43. Rb3 g5+ 44. Kf5 Rf1 45. Rxb2 Rxf3+ 46. Ke5 Rf4 47. Rg2 f6+ 48. Kd5 Kf7 49. Rg3 f5 50. Ke5 fxg4 51. Ra3 Kg7 52. Rb3 Rf3 53. Rb7+ Rf7 54. Rb4 g3 55. Rg4 Rf3 56. Ke4 Rf4+ 0-1

[Event "LTU-chT rapid"]
[Site "Marijampole"]
[Date "2018.11.10"]
[Round "3.6"]
[White "Solys, Laimutis"]
[Black "Juksta, Karolis"]
[Result "1/2-1/2"]
[WhiteElo "2172"]
[BlackElo "2103"]
[PlyCount "112"]
[EventDate "2018.11.10"]
[EventType "team-swiss (rapid)"]
[EventRounds "7"]
[EventCountry "LTU"]
[SourceTitle "EXT 2020"]
[Source "ChessBase"]
[SourceDate "2019.10.17"]
[SourceVersion "1"]
[SourceVersionDate "2019.10.17"]
[SourceQuality "1"]

1. d4 d5 2. c4 e6 3. Nc3 Nf6 4. cxd5 exd5 5. Bg5 Nbd7 6. e3 c6 7. Bd3 h6 8. Bh4 Be7 9. Qc2 Nh5 10. Bxe7 Qxe7 11. 0-0-0 Nb6 12. h3 Be6 13. Nf3 0-0-0 14. Kb1 Kb8 15. Rc1 Nf6 16. Na4 Nxa4 17. Qxa4 Nd7 18. Rc3 Nb6 19. Qa5 Nc4 20. Bxc4 dxc4 21. Ne5 Rd5 22. Qa4 Rc8 23. Rxc4 Rxe5 24. dxe5 Bxc4 25. Qxc4 Qxe5 26. Rd1 Qf5+ 27. e4 Qxf2 28. a3 Re8 29. Rd7 Qe1+ 30. Ka2 Qxe4 31. Qb3 c5 32. Rxf7 Qxg2 33. Qd3 Qc6 34. Qg3+ Ka8 35. Rxg7 a6 36. Qb3 c4 37. Qc3 Rd8 38. Rf7 Rd3 39. Qc2 Qc5 40. Rf4 Rxh3 41. Qxc4 Qxc4+ 42. Rxc4 Rg3 43. Rc8+ Ka7 44. Rh8 Rg6 45. b4 Kb6 46. a4 Kc6 47. Kb3 Kd5 48. a5 b6 49. axb6 Rxb6 50. Ka4 Rc6 51. Ka5 Kc4 52. Rf8 Kd3 53. Ra8 Kc4 54. Rf8 Rd6 55. Rf4+ Kd3 56. Rf8 Kc3 1/2-1/2

[Event "LTU-chT"]
[Site "Lithuania"]
[Date "2018.03.25"]
[Round "5.4"]
[White "Solys, Laimutis"]
[Black "Vedrickas, Tautvydas"]
[Result "1/2-1/2"]
[WhiteElo "2338"]
[BlackElo "2420"]
[PlyCount "126"]
[EventDate "2018.01.27"]
[EventType "team-swiss"]
[EventRounds "7"]
[EventCountry "LTU"]
[SourceTitle "EXT 2019"]
[Source "ChessBase"]
[SourceDate "2018.10.10"]
[SourceVersion "1"]
[SourceVersionDate "2018.10.10"]
[SourceQuality "1"]
[WhiteTeam "Kaunas Margiris"]
[BlackTeam "Vilnius MRU"]
[WhiteTeamCountry "LTU"]
[BlackTeamCountry "LTU"]

1. d4 g6 2. Nf3 Bg7 3. Bf4 Nf6 4. e3 0-0 5. Be2 d6 6. h3 Nfd7 7. 0-0 e5 8. Bh2 Nc6 9. c3 Qe8 10. b4 h6 11. a4 a5 12. b5 Nd8 13. Nbd2 b6 14. Ne1 Kh7 15. Bf3 Ra7 16. Nb3 f5 17. Rc1 Ne6 18. Bd5 Qe7 19. c4 Rd8 20. Nf3 Ng5 21. Nxg5+ hxg5 22. Re1 Nf6 23. Bc6 g4 24. hxg4 Nxg4 25. Bg3 Qg5 26. f4 Qe7 27. Bf3 Bf6 28. Bxg4 fxg4 29. e4 Bh4 30. Qd3 exf4 31. Bxf4 Bxe1 32. Rxe1 d5 33. Be5 dxe4 34. Qg3 g5 35. Nd2 Bf5 36. Nxe4 Rf8 37. Nc3 Qb4 38. Nd5 Qd2 39. Rf1 c6 40. bxc6 Raf7 41. Qe3 Qxe3+ 42. Nxe3 Kg6 43. Nxf5 Rxf5 44. Rxf5 Kxf5 45. Bg3 Ke4 46. d5 Kd4 47. c7 Kc5 48. Bf2+ Kd6 49. Bxb6 g3 50. Bxa5 Ra8 51. Be1 Kxc7 52. Bxg3+ Kb6 53. Bf2+ Kb7 54. c5 Rd8 55. d6 Ra8 56. Be3 g4 57. Kf2 Kc6 58. Kg3 Rxa4 59. Kh4 Re4 60. Bg5 Rc4 61. g3 Rxc5 62. Bf4 Kd7 63. Kxg4 Ke6 1/2-1/2

[Event "LTU-chT"]
[Site "Lithuania"]
[Date "2017.02.19"]
[Round "5.2"]
[White "Kazakouski, Valery"]
[Black "Solys, Laimutis"]
[Result "1/2-1/2"]
[WhiteElo "2430"]
[BlackElo "2360"]
[PlyCount "123"]
[EventDate "2017.01.28"]
[EventType "team-swiss"]
[EventRounds "7"]
[EventCountry "LTU"]
[SourceTitle "CBM 176 Extra"]
[Source "ChessBase"]
[SourceDate "2017.03.02"]
[SourceVersion "1"]
[SourceVersionDate "2017.03.02"]
[SourceQuality "1"]
[WhiteTeam "Makabi LSK"]
[BlackTeam "Kaunas Margiris"]
[WhiteTeamCountry "LTU"]
[BlackTeamCountry "LTU"]

1. d4 d5 2. c4 e6 3. Nf3 Nf6 4. g3 Be7 5. Bg2 0-0 6. 0-0 b6 7. Nc3 Bb7 8. cxd5 exd5 9. Re1 Na6 10. Bf4 c5 11. dxc5 Nxc5 12. Nd4 Nfe4 13. Rc1 Bf6 14. Bh3 Nxc3 15. Rxc3 a5 16. Rc2 Re8 17. Nb5 Be5 18. Be3 Qe7 19. Bg2 Rad8 20. Bd4 Bc6 21. Bxe5 Bxb5 22. Bd4 Qd6 23. Qd2 Ne4 24. Qc1 Qe6 25. Qf4 h6 26. h4 Bd7 27. Rec1 b5 28. Qc7 a4 29. Qf4 Rc8 30. Rxc8 Rxc8 31. Rxc8+ Bxc8 32. Qc7 Qd7 33. Qb6 Kh7 34. Be5 Bb7 35. Qd4 f5 36. f3 Nd6 37. b3 axb3 38. axb3 Ne8 39. Bh3 Qe6 40. Kf2 Bc8 41. g4 Qf7 42. gxf5 Bxf5 43. Bxf5+ Qxf5 44. Qxd5 Nf6 45. Qd4 Ng4+ 46. Qxg4 Qxe5 47. h5 Qc5+ 48. Kg2 Qe5 49. Kf1 Qd5 50. b4 Qe5 51. Kf2 Qd5 52. Ke1 Qe5 53. Kf1 Qd5 54. Qh4 Qe5 55. Kf2 Qd5 56. Ke3 Qb3+ 57. Kf2 Qd5 58. Qg4 Qe5 59. Qg6+ Kg8 60. Kf1 Qa1+ 61. Kg2 Qe5 62. Kf1 1/2-1/2